000
00327nam a2200133 a 4500
008
970613s1978||||xx 0 und c
040
_a
SNK
_b
slo
_c
SNK
_e
AACR2
245
1
0
_a
Malá encyklopédia spisovateľov sveta
260
_a
Bratislava
_b
Obzor
_c
1978
300
_a
642 s.
020
_c
100
041
_a
slo
044
_a
xo
_c
SK
999
_c
15151
_d
15151